| 000 | 01531nam a2200241Ii 4500 | ||
|---|---|---|---|
| 008 | 221202s xx 000 0 und d | ||
| 100 | 1 |
_aMaxey, Ruth, _eauthor |
|
| 245 | 0 | _aSouth Asian Atlantic Literature, 1970-2010 | |
| 264 |
_bEdinburgh University Press _c2011 |
||
| 300 | _a1 online resource | ||
| 336 |
_atext _btxt _2rdacontent |
||
| 337 |
_acomputer _bc _2rdamedia |
||
| 338 |
_aonline resource _bcr _2rdacarrier |
||
| 490 | _aEdinburgh Studies in Transatlantic Literatures | ||
| 520 | _aThe first major interpretation of recent South Asian diasporic writing in specifically transatlantic terms. The book is organised around four key themes: home and nation; travel and return; racial mixing; and food and eating. Ruth Maxey offers readings of canonical and less well-known South Asian American and British Asian writers and texts and of key cinematic works. She explores the formal and thematic tendencies of the works, relating them to gender politics, the marketplace, and issues of literary value and historical change. The book engages with established debates, while intervening in new ways in transatlantic studies, postcolonial literary studies and Asian American cultural studies. | ||
| 653 | _aAsian Americans | ||
| 653 | _aBritish Asian | ||
| 653 | _aIndia | ||
| 653 | _aLiterature | ||
| 653 | _aMiscegenation | ||
| 856 |
_uhttps://docs.google.com/spreadsheets/d/1yKIrdCPDAG_9c22mwoOIO2DOhtj65Wqa/edit?usp=sharing&ouid=106555315294820607512&rtpof=true&sd=true _yList of Curated E-Books |
||
| 942 | _cE-BOOK | ||
| 999 |
_c96710 _d96707 |
||